000 00848nam a2200217Ia 4500
003 CO-CtgCURN
005 20250409210212.0
008 190723s9999 xx 000 0 und d
020 _a9586162796
040 _aCO-CtgCURN
_bspa
_ccoctgcurn
082 _a347.09
_bJ95
245 0 _aLa jurisprudencia arbitral en Colombia :
_banálisis de los principales laudos en materia de derecho privado /
_cdir., Hernan Fabio Lopez Blanco
260 _aBogotá, Colombia :
_bUniversidad Externado de Colombia,
_c1996
300 _a358 páginas ;
_c23 centímetros
521 _aAREA PROFESIONAL
590 _aPrograma de Derecho_18
650 _aArbitraje (Derecho)
_zColombia
942 _cBK
_h347.09
_iJ95
999 _c29771
_d29771